[Event "España ch sub-16 2010"]
[Site "Linares ESP"]
[Date "2010.07.20"]
[Round "1.1"]
[White "Anton Guijarro, David"]
[Black "Shen, Yue"]
[Result "1-0"]
[WhiteElo "2397"]
[BlackElo "1849"]
[PlyCount "139"]
[EventDate "2010.07.20"]
[EventType "swiss"]
[EventRounds "9"]
[EventCountry "ESP"]
[Source "lmi"]
[SourceDate "2010.07.20"]

1. d4 Nf6 2. Nf3 g6 3. Bg5 Bg7 4. Nbd2 h6 5. Bxf6 Bxf6 6. e4 d6 7. c3 O-O 8.
Bc4 Nc6 9. h3 e5 10. dxe5 Nxe5 11. Nxe5 Bxe5 12. O-O Qg5 13. Nf3 Qf4 14. Re1 g5
15. g3 Qf6 16. Bf1 Be6 17. Qd3 h5 18. h4 gxh4 19. Nxh4 Kh8 20. Ng2 Rg8 21. f4
Bxf4 22. gxf4 Qxf4 23. Qe3 Qf6 24. Qd4 Qxd4+ 25. cxd4 h4 26. Kh2 Rg4 27. Re3
Rag8 28. d5 Bd7 29. Rh3 Rxe4 30. Rxh4+ Rxh4+ 31. Nxh4 Rg5 32. Bg2 f5 33. Bf3 c6
34. dxc6 bxc6 35. Rd1 d5 36. Rd3 Rg7 37. Ra3 Rh7 38. Ra4 c5 39. Rf4 d4 40. Kg3
Rg7+ 41. Kf2 Rg5 42. Be2 Kg7 43. Nf3 Rg4 44. Rxg4+ fxg4 45. Ne5 Be6 46. a3 Kf6
47. Nxg4+ Kf5 48. Nh2 Ke4 49. Nf3 Bf5 50. Nd2+ Kf4 51. Nb3 d3 52. Bf3 c4 53.
Nd2 Be6 54. Bb7 Ke5 55. Ke3 Kd6 56. Kd4 Kc7 57. Ba6 Kb6 58. Bxc4 Bf5 59. Bxd3
Be6 60. b4 Bf7 61. Nc4+ Kc7 62. Kc5 Be8 63. b5 Bf7 64. a4 Bh5 65. a5 Bg4 66.
Be4 Kd8 67. b6 axb6+ 68. axb6 Bc8 69. Nd6 Ba6 70. Bc6 1-0

[Event "España ch sub-16 2010"]
[Site "Linares ESP"]
[Date "2010.07.20"]
[Round "1.2"]
[White "Piriz Fernandez, Daniel"]
[Black "Forcen Esteban, Daniel"]
[Result "0-1"]
[WhiteElo "1841"]
[BlackElo "2379"]
[PlyCount "82"]
[EventDate "2010.07.20"]
[EventType "swiss"]
[EventRounds "9"]
[EventCountry "ESP"]
[Source "lmi"]
[SourceDate "2010.07.20"]

1. d4 Nf6 2. c4 c5 3. d5 e6 4. Nc3 exd5 5. cxd5 d6 6. e4 g6 7. Nf3 Bg7 8. Bd3
O-O 9. O-O a6 10. a4 Bg4 11. Bf4 Nh5 12. Be3 Nd7 13. Be2 Re8 14. h3 Bxf3 15.
Bxf3 Nhf6 16. Bf4 Qc7 17. Re1 c4 18. Qe2 Ne5 19. Bxe5 Rxe5 20. g3 Nd7 21. Bg2
Ree8 22. f4 Nc5 23. Qxc4 Qb6 24. Kh1 Qxb2 25. Rac1 Rac8 26. Ne2 b5 27. axb5
axb5 28. Qc2 Qxc2 29. Rxc2 b4 30. Rc4 b3 31. Rb1 b2 32. e5 Nd3 33. Rd4 Rc1+ 34.
Nxc1 bxc1=Q+ 35. Rxc1 Nxc1 36. Rc4 Ne2 37. Kh2 dxe5 38. d6 exf4 39. d7 fxg3+
40. Kh1 Rd8 41. Re4 Rxd7 0-1

[Event "España ch sub-16 2010"]
[Site "Linares ESP"]
[Date "2010.07.20"]
[Round "1.3"]
[White "Pardo Simon, David"]
[Black "Morona Minguez, Irene"]
[Result "1-0"]
[WhiteElo "2354"]
[BlackElo "1838"]
[PlyCount "101"]
[EventDate "2010.07.20"]
[EventType "swiss"]
[EventRounds "9"]
[EventCountry "ESP"]
[Source "lmi"]
[SourceDate "2010.07.20"]

1. b3 e5 2. Bb2 Nc6 3. e3 Nf6 4. c4 Be7 5. Nc3 O-O 6. Nf3 d6 7. Be2 Bf5 8. d4
exd4 9. Nxd4 Bg6 10. O-O Nxd4 11. Qxd4 Ne8 12. Nd5 Bf6 13. Nxf6+ Qxf6 14. Bf3
c6 15. Rad1 Qxd4 16. Rxd4 Rd8 17. Rfd1 f5 18. R4d2 Rf7 19. Bd4 a6 20. Bb6 Rc8
21. h4 Re7 22. Rd4 Bf7 23. Rf4 g6 24. h5 Re5 25. hxg6 hxg6 26. Bd4 Re7 27. Rh4
Ng7 28. Bxg7 Kxg7 29. Rxd6 c5 30. Bd5 Bxd5 31. Rxd5 Rc6 32. g4 fxg4 33. Rxg4 b5
34. Kf1 b4 35. Rgg5 Rec7 36. Rd8 Ra7 37. Rgd5 Rcc7 38. R5d6 a5 39. Rb6 a4 40.
Rdd6 axb3 41. Rxg6+ Kh7 42. Rh6+ Kg7 43. Rbg6+ Kf7 44. axb3 Ra3 45. Rh7+ Kxg6
46. Rxc7 Rxb3 47. Rxc5 Rc3 48. Kg2 b3 49. Rb5 Kf6 50. Kf3 Ke6 51. Ke4 1-0

[Event "España ch sub-16 2010"]
[Site "Linares ESP"]
[Date "2010.07.20"]
[Round "1.4"]
[White "Alvarez Dominguez, Breixo"]
[Black "Sanchez Ibern, Marc"]
[Result "0-1"]
[WhiteElo "1833"]
[BlackElo "2255"]
[PlyCount "82"]
[EventDate "2010.07.20"]
[EventType "swiss"]
[EventRounds "9"]
[EventCountry "ESP"]
[Source "lmi"]
[SourceDate "2010.07.20"]

1. e4 e6 2. d4 b6 3. Nf3 Bb7 4. Bd3 c5 5. c3 Nf6 6. Qe2 Be7 7. O-O Nc6 8. a3
Na5 9. Nbd2 c4 10. Bc2 Qc7 11. e5 Nd5 12. Ne4 f5 13. Nd6+ Bxd6 14. exd6 Qxd6
15. Ne5 O-O 16. Bg5 Qc7 17. f4 d6 18. Nf3 Qf7 19. Nd2 Nc7 20. Bh4 Bd5 21. Rae1
b5 22. Qf2 Ne8 23. Re3 Nf6 24. h3 Nc6 25. Qe2 Ne7 26. g4 Rae8 27. Kh2 a6 28.
Rg1 fxg4 29. hxg4 h5 30. Ne4 Bxe4 31. Bxe4 Nxg4+ 32. Rxg4 hxg4 33. Bg5 Nf5 34.
Bxf5 exf5 35. Be7 Qh5+ 36. Kg2 Rf7 37. Kg1 d5 38. Kg2 g5 39. Bxg5 Qh3+ 40. Rxh3
Rxe2+ 41. Kf1 gxh3 0-1

[Event "España ch sub-16 2010"]
[Site "Linares ESP"]
[Date "2010.07.20"]
[Round "1.5"]
[White "Alcaraz Ortega, Javier"]
[Black "Buiza Prieto, Aizbeltz"]
[Result "1/2-1/2"]
[WhiteElo "2242"]
[BlackElo "1828"]
[PlyCount "62"]
[EventDate "2010.07.20"]
[EventType "swiss"]
[EventRounds "9"]
[EventCountry "ESP"]
[Source "lmi"]
[SourceDate "2010.07.20"]

1. Nf3 f5 2. c4 Nf6 3. g3 g6 4. Bg2 Bg7 5. O-O O-O 6. Nc3 d6 7. d4 Nc6 8. d5
Ne5 9. Qb3 Nxf3+ 10. Bxf3 Nd7 11. Be3 Ne5 12. Bg2 Ng4 13. Bf4 e5 14. dxe6 Bxe6
15. Qxb7 Rb8 16. Qxa7 Rxb2 17. Qa3 Rc2 18. Rac1 Rxc1 19. Rxc1 Bd4 20. Nd1 g5
21. Bd2 f4 22. e3 Bc5 23. Bb4 f3 24. Bf1 Nxh2 25. Kxh2 Qe8 26. Bxc5 Qh5+ 27.
Kg1 Bh3 28. Qd3 dxc5 29. Qd5+ Rf7 30. Bxh3 Qxh3 31. Qxg5+ Kf8 1/2-1/2

[Event "España ch sub-16 2010"]
[Site "Linares ESP"]
[Date "2010.07.20"]
[Round "1.6"]
[White "Norte Garcia, Andrea"]
[Black "Cruz Lledo, Pablo"]
[Result "0-1"]
[WhiteElo "1828"]
[BlackElo "2239"]
[PlyCount "84"]
[EventDate "2010.07.20"]
[EventType "swiss"]
[EventRounds "9"]
[EventCountry "ESP"]
[Source "lmi"]
[SourceDate "2010.07.20"]

1. e4 g6 2. d4 c6 3. Bd3 d5 4. e5 c5 5. c3 Nc6 6. Ne2 Nh6 7. O-O Nf5 8. Bxf5
Bxf5 9. Ng3 Bc8 10. Be3 cxd4 11. cxd4 Bg7 12. Nc3 O-O 13. Rc1 Na5 14. b3 b6 15.
Qd2 f6 16. exf6 exf6 17. h4 Nc6 18. Nge2 Ba6 19. Rfd1 Bxe2 20. Nxe2 Ne7 21. Ng3
Qd7 22. Bf4 Rac8 23. Re1 Rxc1 24. Rxc1 Rc8 25. Rxc8+ Qxc8 26. Qe3 Nc6 27. Ne2
Kf7 28. Qd2 Bf8 29. Qc2 Qe6 30. Be3 Bd6 31. g3 Nb4 32. Qd2 Qf5 33. a3 Nc2 34.
a4 Bb4 35. Qd1 Qe4 36. Bc1 Ne1 37. Nf4 Nf3+ 38. Kf1 Nxd4 39. Ng2 Nf3 40. Be3 d4
41. Bf4 d3 42. Qc1 Qe2# 0-1

[Event "España ch sub-16 2010"]
[Site "Linares ESP"]
[Date "2010.07.20"]
[Round "1.7"]
[White "Martinez Ramirez, Erik"]
[Black "Serarols Mabras, Bernat"]
[Result "1-0"]
[WhiteElo "2216"]
[BlackElo "1827"]
[PlyCount "119"]
[EventDate "2010.07.20"]
[EventType "swiss"]
[EventRounds "9"]
[EventCountry "ESP"]
[Source "lmi"]
[SourceDate "2010.07.20"]

1. e4 Nf6 2. e5 Nd5 3. d4 d6 4. c4 Nb6 5. exd6 exd6 6. Nc3 Be7 7. Qf3 Nc6 8.
Be3 Be6 9. b3 O-O 10. Rd1 Bf6 11. Bd3 Re8 12. Nge2 a5 13. Bb1 d5 14. c5 Nc8 15.
O-O N8e7 16. Nf4 Qd7 17. Nh5 Bxd4 18. Bxd4 Bg4 19. Qf6 gxf6 20. Nxf6+ Kh8 21.
Nxd7+ Nxd4 22. Rxd4 Bxd7 23. Nxd5 Bc6 24. Nf6 Red8 25. Rfd1 Rxd4 26. Rxd4 Ng6
27. Be4 Ra6 28. Nh5 h6 29. Rd8+ Kh7 30. Bd3 Ra7 31. Nf6+ Kg7 32. Ne8+ Bxe8 33.
Rxe8 a4 34. b4 a3 35. Bc2 b6 36. Bxg6 Kxg6 37. cxb6 cxb6 38. g3 Rc7 39. Re3 Rc4
40. Rxa3 Rxb4 41. Rb3 Rxb3 42. axb3 Kf5 43. Kg2 Ke4 44. g4 Kf4 45. f3 b5 46. b4
f6 47. h4 Ke5 48. Kg3 Kd4 49. f4 Kc4 50. g5 hxg5 51. fxg5 fxg5 52. hxg5 Kxb4
53. g6 Ka3 54. g7 b4 55. g8=Q b3 56. Qa8+ Kb2 57. Kf3 Kc1 58. Ke2 b2 59. Qc6+
Kb1 60. Qa4 1-0

[Event "España ch sub-16 2010"]
[Site "Linares ESP"]
[Date "2010.07.20"]
[Round "1.8"]
[White "Gonzalez Balbuena, Pablo"]
[Black "Vazquez Torres, Adrian"]
[Result "0-1"]
[WhiteElo "1823"]
[BlackElo "2210"]
[PlyCount "78"]
[EventDate "2010.07.20"]
[EventType "swiss"]
[EventRounds "9"]
[EventCountry "ESP"]
[Source "lmi"]
[SourceDate "2010.07.20"]

1. e4 c5 2. Nf3 e6 3. d4 cxd4 4. Nxd4 a6 5. Nc3 Qc7 6. Be3 Nf6 7. Be2 Ba3 8.
Qc1 Qxc3+ 9. bxc3 Bxc1 10. Rxc1 Nxe4 11. c4 d6 12. Nb3 Nc6 13. Bf3 Nc3 14. a3
Bd7 15. O-O Ne5 16. Bxb7 Rb8 17. Bxa6 Ne2+ 18. Kh1 Nxc1 19. Rxc1 O-O 20. Rd1
Ng4 21. Rxd6 Nxe3 22. fxe3 Ba4 23. Rd3 Rb6 24. Bb5 Bxb5 25. cxb5 Rxb5 26. c4
Rb7 27. g3 Rfb8 28. Na5 Rb2 29. c5 Ra2 30. Nb7 Rc2 31. a4 Kf8 32. Rb3 Ke7 33.
a5 Kd7 34. a6 Kc7 35. Rb5 Ra2 36. Rb6 Ra8 37. Nd6 R8xa6 38. Nb5+ Kd7 39. c6+
Kc8 0-1

[Event "España ch sub-16 2010"]
[Site "Linares ESP"]
[Date "2010.07.20"]
[Round "1.9"]
[White "Nieto De La Cruz, Julio"]
[Black "Colas Perez, Patricia"]
[Result "1-0"]
[WhiteElo "2208"]
[BlackElo "1819"]
[PlyCount "59"]
[EventDate "2010.07.20"]
[EventType "swiss"]
[EventRounds "9"]
[EventCountry "ESP"]
[Source "lmi"]
[SourceDate "2010.07.20"]

1. d4 d5 2. c4 e6 3. Nc3 Nf6 4. Bg5 Be7 5. cxd5 exd5 6. e3 c6 7. Bd3 O-O 8. Qc2
Nbd7 9. Nge2 Re8 10. O-O Nf8 11. f3 Nh5 12. Bxe7 Qxe7 13. e4 dxe4 14. fxe4 Nf6
15. Rad1 Bg4 16. Qd2 Rad8 17. e5 Nd5 18. Ne4 Ng6 19. a3 Bxe2 20. Bxe2 Nb6 21.
Qe3 Nd5 22. Qf3 Rf8 23. Bc4 Nb6 24. Ba2 Nc8 25. Qh5 Qh4 26. Qxh4 Nxh4 27. Ng5
Nb6 28. Nxf7 Rxf7 29. Rxf7 Kh8 30. e6 1-0

[Event "España ch sub-16 2010"]
[Site "Linares ESP"]
[Date "2010.07.20"]
[Round "1.10"]
[White "Martinez Fernandez, Raul"]
[Black "Tallo Dominguez, Imar"]
[Result "0-1"]
[WhiteElo "1813"]
[BlackElo "2204"]
[PlyCount "54"]
[EventDate "2010.07.20"]
[EventType "swiss"]
[EventRounds "9"]
[EventCountry "ESP"]
[Source "lmi"]
[SourceDate "2010.07.20"]

1. e4 c5 2. d4 cxd4 3. c3 Nf6 4. e5 Nd5 5. Nf3 Nc6 6. Bc4 Nb6 7. Bb3 d6 8. exd6
e6 9. O-O Qxd6 10. Na3 a6 11. cxd4 Be7 12. Nc4 Nxc4 13. Bxc4 O-O 14. Be3 Rd8
15. Qe2 b5 16. Bb3 Bf6 17. Rfd1 Na5 18. Bc2 Bb7 19. Ng5 g6 20. Ne4 Bxe4 21.
Bxe4 Rac8 22. b3 Nc6 23. Qf3 Bg7 24. Bf4 Nxd4 25. Qe3 Qxf4 26. Rxd4 Qxe3 27.
fxe3 Rxd4 0-1

[Event "España ch sub-16 2010"]
[Site "Linares ESP"]
[Date "2010.07.20"]
[Round "1.11"]
[White "Aranaz Murillo, Amalia"]
[Black "Cerezo Gaston, Alberto"]
[Result "1-0"]
[WhiteElo "2190"]
[BlackElo "1811"]
[PlyCount "63"]
[EventDate "2010.07.20"]
[EventType "swiss"]
[EventRounds "9"]
[EventCountry "ESP"]
[Source "lmi"]
[SourceDate "2010.07.20"]

1. Nf3 Nf6 2. c4 g6 3. Nc3 d5 4. Qa4+ Bd7 5. Qb3 dxc4 6. Qxc4 Nc6 7. d4 e6 8.
Bg5 Be7 9. e3 a6 10. Qb3 Nd5 11. Nxd5 Bxg5 12. Nxg5 exd5 13. Qxd5 Qe7 14. Qe4
Be6 15. Nxe6 fxe6 16. a3 O-O-O 17. Bxa6 Rd6 18. Be2 Rf8 19. O-O Rf5 20. Rac1
Nd8 21. Rc2 Nf7 22. Rfc1 c6 23. Rc5 Ng5 24. Qc2 Kc7 25. b4 Qf6 26. f4 Nf7 27.
Rxf5 exf5 28. b5 Qe6 29. Kf2 g5 30. bxc6 Rxc6 31. Qd2 g4 32. d5 1-0

[Event "España ch sub-16 2010"]
[Site "Linares ESP"]
[Date "2010.07.20"]
[Round "1.12"]
[White "Negredo, Bahamonde Miguel A"]
[Black "Ladron De Guevara Pinto, Paolo"]
[Result "0-1"]
[WhiteElo "1797"]
[BlackElo "2188"]
[PlyCount "54"]
[EventDate "2010.07.20"]
[EventType "swiss"]
[EventRounds "9"]
[EventCountry "ESP"]
[Source "lmi"]
[SourceDate "2010.07.20"]

1. e4 e6 2. d4 d5 3. Nc3 Nf6 4. Bg5 Bb4 5. e5 h6 6. Bd2 Bxc3 7. bxc3 Ne4 8. Qg4
g6 9. Nf3 c5 10. Bd3 Nxd2 11. Kxd2 Qc7 12. dxc5 Qxc5 13. Qd4 Qc7 14. Rab1 Bd7
15. Rhe1 b6 16. Qf4 f5 17. h4 Nc6 18. Nd4 Nxd4 19. Qxd4 Rc8 20. Ba6 Rb8 21. c4
dxc4 22. Qxc4 Qxc4 23. Bxc4 Rc8 24. Bd3 Ke7 25. g3 Rhd8 26. Rb4 Rc5 27. Rc4
Rxc4 0-1

[Event "España ch sub-16 2010"]
[Site "Linares ESP"]
[Date "2010.07.20"]
[Round "1.13"]
[White "Rioboo De Larriva, Alvaro"]
[Black "Sanchez Dengra, Barbara"]
[Result "1-0"]
[WhiteElo "2173"]
[BlackElo "1793"]
[PlyCount "45"]
[EventDate "2010.07.20"]
[EventType "swiss"]
[EventRounds "9"]
[EventCountry "ESP"]
[Source "lmi"]
[SourceDate "2010.07.20"]

1. e4 c6 2. c4 e5 3. Nc3 d6 4. Nge2 Be7 5. g3 Nf6 6. Bg2 O-O 7. O-O Be6 8. d3
Na6 9. b3 d5 10. cxd5 cxd5 11. d4 exd4 12. Nxd4 Bg4 13. f3 Bc8 14. e5 Nd7 15.
f4 Nb6 16. Bb2 Nc7 17. Kh1 Ne6 18. Nf5 Nc7 19. Nxe7+ Qxe7 20. Qd2 Bd7 21. f5
Qxe5 22. Nxd5 Qd6 23. Nf6+ 1-0

[Event "España ch sub-16 2010"]
[Site "Linares ESP"]
[Date "2010.07.20"]
[Round "1.14"]
[White "Lopez Garralon, Miguel"]
[Black "Meneses, Gonzalez Kevin Mois"]
[Result "0-1"]
[WhiteElo "1788"]
[BlackElo "2172"]
[PlyCount "106"]
[EventDate "2010.07.20"]
[EventType "swiss"]
[EventRounds "9"]
[EventCountry "ESP"]
[Source "lmi"]
[SourceDate "2010.07.20"]

1. e4 c5 2. Nf3 d6 3. d4 cxd4 4. Nxd4 Nf6 5. Nc3 Nc6 6. Bc4 Qb6 7. Nxc6 bxc6 8.
h3 e6 9. O-O Be7 10. Bb3 O-O 11. Be3 Qc7 12. f4 Bb7 13. f5 e5 14. g4 d5 15. g5
d4 16. gxf6 Bxf6 17. Bf2 dxc3 18. bxc3 Rfd8 19. Qg4 c5 20. Bc4 Qc6 21. Rfe1 Qa4
22. Bb3 Qa5 23. Qf3 Rd2 24. Qe3 Rad8 25. Qxc5 Qxc5 26. Bxc5 Bh4 27. Bxa7 Bxe1
28. Rxe1 Rd1 29. Kf2 Rxe1 30. Kxe1 Bxe4 31. a4 Ra8 32. Bb6 Bxf5 33. Bc7 Kf8 34.
Kf2 f6 35. a5 Ke7 36. Bd5 Rc8 37. Bb6 Bd7 38. Bb7 Rxc3 39. a6 Bc8 40. Ke1 Rxc2
41. Be4 Rc4 42. Bd5 Bxa6 43. Bxc4 Bxc4 44. h4 g6 45. Kf2 Ke6 46. Be3 Kf5 47.
Kf3 Bd5+ 48. Kg3 Ke4 49. Bb6 f5 50. Kf2 f4 51. Bc7 Kf5 52. Bd6 e4 53. Bc7 Kg4
0-1

[Event "España ch sub-16 2010"]
[Site "Linares ESP"]
[Date "2010.07.20"]
[Round "1.15"]
[White "Suarez Uriel, Adrian"]
[Black "Cruz Guerra, Samuel"]
[Result "1-0"]
[WhiteElo "2157"]
[BlackElo "1781"]
[PlyCount "101"]
[EventDate "2010.07.20"]
[EventType "swiss"]
[EventRounds "9"]
[EventCountry "ESP"]
[Source "lmi"]
[SourceDate "2010.07.20"]

1. e4 Nc6 2. Bb5 a6 3. Bxc6 bxc6 4. Nf3 d5 5. e5 Bg4 6. O-O e6 7. d3 h6 8. h3
Bh5 9. c4 Qd7 10. Nc3 f5 11. exf6 gxf6 12. Re1 d4 13. Ne4 c5 14. Bd2 Qc6 15.
Nxd4 Bxd1 16. Nxc6 Bc2 17. Bc3 e5 18. Rac1 Ba4 19. Na5 O-O-O 20. Re3 h5 21. Rf3
Rh6 22. Bd2 Rg6 23. Rc3 Bd7 24. Nb3 f5 25. Nexc5 Bc6 26. Rxf5 Rxg2+ 27. Kf1 Rh2
28. Rxh5 Bxc5 29. Nxc5 Rf8 30. Be3 Rh1+ 31. Ke2 Bf3+ 32. Kd2 Bxh5 33. Ra3 Bf3
34. Rxa6 Rf6 35. Ra7 Rxh3 36. b4 Rd6 37. Na6 Rh1 38. Bg5 Rd7 39. b5 Rd1+ 40.
Kc2 R1xd3 41. Nc5 Bd1+ 42. Kb2 Kb8 43. b6 Rd2+ 44. Bxd2 Rxd2+ 45. Kc1 cxb6 46.
Rb7+ Kc8 47. Kxd2 Bf3 48. Rf7 bxc5 49. Rxf3 Ne7 50. Rf8+ Kd7 51. Rf7 1-0

[Event "España ch sub-16 2010"]
[Site "Linares ESP"]
[Date "2010.07.20"]
[Round "2.1"]
[White "Angeleri Rodrigo, Norberto"]
[Black "Anton Guijarro, David"]
[Result "0-1"]
[WhiteElo "2031"]
[BlackElo "2397"]
[PlyCount "76"]
[EventDate "2010.07.20"]
[EventType "swiss"]
[EventRounds "9"]
[EventCountry "ESP"]
[Source "lmi"]
[SourceDate "2010.07.20"]

1. e4 c5 2. Nc3 Nc6 3. Bb5 Nd4 4. Bc4 a6 5. Nf3 b5 6. Bd5 Rb8 7. Nxd4 cxd4 8.
Ne2 Nf6 9. Bb3 Nxe4 10. Nxd4 Qb6 11. c3 e6 12. O-O Nf6 13. Ne2 Bd6 14. d4 Qc7
15. h3 Bb7 16. Bc2 h6 17. f3 g5 18. Qe1 Rg8 19. Qf2 Rg7 20. Bd2 Be7 21. Rae1 h5
22. Nc1 Bd6 23. Ne2 b4 24. Bb3 g4 25. fxg4 Ne4 26. Qe3 Nxd2 27. Qxd2 hxg4 28.
h4 bxc3 29. bxc3 Ke7 30. Qh6 Rbg8 31. c4 Bb4 32. Qf6+ Ke8 33. Rd1 Bf3 34. Nf4
Be7 35. Qh6 Bxd1 36. Rxd1 g3 37. Nd3 Rg4 38. Qh7 Bf6 0-1

[Event "España ch sub-16 2010"]
[Site "Linares ESP"]
[Date "2010.07.20"]
[Round "2.2"]
[White "Forcen Esteban, Daniel"]
[Black "Madurga Lopez, Ignacio"]
[Result "1/2-1/2"]
[WhiteElo "2379"]
[BlackElo "2024"]
[PlyCount "89"]
[EventDate "2010.07.20"]
[EventType "swiss"]
[EventRounds "9"]
[EventCountry "ESP"]
[Source "lmi"]
[SourceDate "2010.07.20"]

1. e4 c5 2. Nf3 d6 3. d4 cxd4 4. Nxd4 Nf6 5. Nc3 a6 6. Bc4 e6 7. O-O Be7 8. Bb3
O-O 9. f4 Nbd7 10. Re1 Nc5 11. e5 dxe5 12. fxe5 Nxb3 13. Nxb3 Qxd1 14. Rxd1 Nd7
15. Bf4 g5 16. Bg3 h5 17. h4 gxh4 18. Bf4 Nb6 19. Ne4 Nd5 20. Bh6 Rd8 21. Na5
Kh7 22. Bd2 f5 23. exf6 Nxf6 24. Bg5 Kg6 25. Bxh4 Rd5 26. Nc4 b5 27. Nb6 Rxd1+
28. Rxd1 Rb8 29. Nxc8 Rxc8 30. c3 Rc4 31. Bxf6 Bxf6 32. Nxf6 Kxf6 33. Rd8 a5
34. Rb8 b4 35. cxb4 axb4 36. a3 bxa3 37. bxa3 Rc2 38. Ra8 Rb2 39. Kh2 Rb3 40.
Rf8+ Kg6 41. Rf3 Rb2 42. Kh3 Ra2 43. Kg3 Kg5 44. Rb3 e5 45. Re3 1/2-1/2

[Event "España ch sub-16 2010"]
[Site "Linares ESP"]
[Date "2010.07.20"]
[Round "2.3"]
[White "Navarro Molina, David"]
[Black "Pardo Simon, David"]
[Result "1-0"]
[WhiteElo "2012"]
[BlackElo "2354"]
[PlyCount "83"]
[EventDate "2010.07.20"]
[EventType "swiss"]
[EventRounds "9"]
[EventCountry "ESP"]
[Source "lmi"]
[SourceDate "2010.07.20"]

1. d4 Nf6 2. Nf3 e6 3. c4 b6 4. g3 Bb7 5. Bg2 Be7 6. O-O O-O 7. d5 exd5 8. Nh4
c6 9. cxd5 Nxd5 10. Nf5 Nc7 11. e4 d5 12. Re1 Ne6 13. exd5 cxd5 14. Nc3 Na6 15.
Nxd5 Bxd5 16. Bxd5 Rb8 17. Bf4 Nac7 18. Bxe6 fxe6 19. Nxe7+ Qxe7 20. Bd6 Qf6
21. Bxf8 Rxf8 22. Re2 Nd5 23. Qd2 Qg6 24. Kh1 Qg4 25. Qd3 Rf3 26. Qc2 Rf6 27.
f4 h5 28. Qe4 h4 29. f5 Qxe4+ 30. Rxe4 Rxf5 31. Rxh4 Rf2 32. b3 a5 33. Kg1 Rd2
34. Re4 Kf7 35. Rf1+ Nf6 36. Ra4 Ke7 37. Rf2 Rd1+ 38. Kg2 Nd5 39. Re4 Ra1 40.
Kh3 Nc3 41. Rg4 Nxa2 42. Ra4 1-0

[Event "España ch sub-16 2010"]
[Site "Linares ESP"]
[Date "2010.07.20"]
[Round "2.4"]
[White "Sanchez Ibern, Marc"]
[Black "Shatko, Danil"]
[Result "1-0"]
[WhiteElo "2255"]
[BlackElo "2011"]
[PlyCount "73"]
[EventDate "2010.07.20"]
[EventType "swiss"]
[EventRounds "9"]
[EventCountry "ESP"]
[Source "lmi"]
[SourceDate "2010.07.20"]

1. e4 e6 2. d4 d5 3. Nc3 Nf6 4. Bg5 Bb4 5. e5 h6 6. Bh4 g5 7. Bg3 Ne4 8. Nge2
c5 9. a3 Bxc3+ 10. Nxc3 Nxc3 11. bxc3 Qa5 12. Qd2 Nc6 13. dxc5 Qxc5 14. Bd3 Bd7
15. O-O Na5 16. Kh1 Nc4 17. Qe2 h5 18. f4 h4 19. Bf2 Qc7 20. fxg5 h3 21. gxh3
Rxh3 22. Kg2 Rh8 23. Bd4 O-O-O 24. Rxf7 Rdg8 25. g6 Qd8 26. Rf6 Qe7 27. Qg4 Qg7
28. Qg5 Rh6 29. h4 Qh8 30. Rh1 Rh5 31. Qf4 Be8 32. Rxe6 Kd7 33. Rf6 Bxg6 34.
Bxg6 Nxe5 35. Bxe5 Rxe5 36. h5 Re2+ 37. Kf1 1-0

[Event "España ch sub-16 2010"]
[Site "Linares ESP"]
[Date "2010.07.20"]
[Round "2.5"]
[White "Cruz Lledo, Pablo"]
[Black "Salido Polo, Veronica"]
[Result "1-0"]
[WhiteElo "2239"]
[BlackElo "1984"]
[PlyCount "97"]
[EventDate "2010.07.20"]
[EventType "swiss"]
[EventRounds "9"]
[EventCountry "ESP"]
[Source "lmi"]
[SourceDate "2010.07.20"]

1. d4 Nf6 2. c4 g6 3. Nc3 Bg7 4. e4 d6 5. f3 O-O 6. Nge2 e5 7. Bg5 c6 8. d5 h6
9. Be3 cxd5 10. cxd5 a6 11. a4 b6 12. Qd2 h5 13. Nc1 Nbd7 14. Be2 Qc7 15. O-O
Nh7 16. Nd3 Nc5 17. Nxc5 bxc5 18. a5 Bd7 19. Na4 Ra7 20. Nb6 Be8 21. b4 f5 22.
bxc5 f4 23. Bf2 g5 24. cxd6 Qf7 25. Rfc1 g4 26. Nc8 Rd7 27. Bxa6 gxf3 28. gxf3
Ng5 29. Ra3 Bh6 30. Kh1 Qh7 31. Bh4 Nxe4 32. fxe4 Qxe4+ 33. Qg2+ Qxg2+ 34. Kxg2
f3+ 35. Rxf3 Rxf3 36. Ne7+ Kf7 37. Kxf3 Bxc1 38. Bc8 Rxd6 39. a6 Rb6 40. a7
Rb3+ 41. Ke4 Ra3 42. Be6+ Kf8 43. Nc8 Re3+ 44. Kf5 Kg7 45. Bf6+ Kh7 46. Ne7
Rf3+ 47. Kxe5 Ra3 48. Bf5+ Kh6 49. Ng8# 1-0

[Event "España ch sub-16 2010"]
[Site "Linares ESP"]
[Date "2010.07.20"]
[Round "2.6"]
[White "Ontanon Gomez, Pablo"]
[Black "Martinez Ramirez, Erik"]
[Result "0-1"]
[WhiteElo "2002"]
[BlackElo "2216"]
[PlyCount "52"]
[EventDate "2010.07.20"]
[EventType "swiss"]
[EventRounds "9"]
[EventCountry "ESP"]
[Source "lmi"]
[SourceDate "2010.07.20"]

1. e4 c5 2. Nf3 Nc6 3. d4 cxd4 4. Nxd4 g6 5. Nc3 Bg7 6. Be3 Nf6 7. Bc4 O-O 8.
Bb3 d6 9. h3 Nxd4 10. Bxd4 b5 11. O-O Bb7 12. Bd5 Nxd5 13. exd5 Bxd4 14. Qxd4
e5 15. Qd2 a6 16. f4 f5 17. Rae1 Qb6+ 18. Kh2 Rae8 19. g4 Qd4 20. Rf2 fxg4 21.
hxg4 Qxd2 22. Rxd2 exf4 23. Ne4 Kg7 24. Rde2 f3 25. Re3 f2 26. Rf1 Bxd5 0-1

[Event "España ch sub-16 2010"]
[Site "Linares ESP"]
[Date "2010.07.20"]
[Round "2.7"]
[White "Vazquez Torres, Adrian"]
[Black "Jareno Badenas, Aleix"]
[Result "1-0"]
[WhiteElo "2210"]
[BlackElo "1967"]
[PlyCount "75"]
[EventDate "2010.07.20"]
[EventType "swiss"]
[EventRounds "9"]
[EventCountry "ESP"]
[Source "lmi"]
[SourceDate "2010.07.20"]

1. e4 e6 2. b3 d5 3. Bb2 Nf6 4. e5 Nfd7 5. f4 c5 6. Nc3 a6 7. Nf3 Nc6 8. g3 Be7
9. Bg2 O-O 10. O-O b5 11. a4 d4 12. Ne4 Bb7 13. Qe2 Qb6 14. d3 Nb4 15. a5 Qc7
16. Rf2 Nd5 17. Bc1 Rac8 18. g4 c4 19. bxc4 bxc4 20. Nxd4 cxd3 21. cxd3 Nc5 22.
Bb2 Nxe4 23. Qxe4 Bc5 24. Kh1 Rb8 25. Qe2 Nb4 26. Rc1 Rfd8 27. Rc4 Bxg2+ 28.
Rxg2 Qa7 29. Qe4 Rd5 30. Bc3 Rbd8 31. Bxb4 Bxd4 32. Rgc2 Qb8 33. h4 Ba7 34. Bd6
Qb1+ 35. Rc1 Qb5 36. Rc8 Qe8 37. Qc4 h6 38. Qxa6 1-0

[Event "España ch sub-16 2010"]
[Site "Linares ESP"]
[Date "2010.07.20"]
[Round "2.8"]
[White "Arnedo Ruiz, Alberto"]
[Black "Nieto De La Cruz, Julio"]
[Result "0-1"]
[WhiteElo "1979"]
[BlackElo "2208"]
[PlyCount "96"]
[EventDate "2010.07.20"]
[EventType "swiss"]
[EventRounds "9"]
[EventCountry "ESP"]
[Source "lmi"]
[SourceDate "2010.07.20"]

1. e4 c5 2. Nf3 d6 3. d4 Nf6 4. Nc3 cxd4 5. Nxd4 g6 6. Be3 Bg7 7. f3 O-O 8. Qd2
Nc6 9. O-O-O Nxd4 10. Bxd4 Be6 11. Kb1 Qc7 12. h4 Rfc8 13. h5 Qa5 14. hxg6 hxg6
15. Nd5 Qxd2 16. Rxd2 Bxd5 17. exd5 Nh5 18. Bf2 Be5 19. Rh4 Kg7 20. Rb4 Rc7 21.
Ra4 a6 22. Be3 Ng3 23. Bd3 Rh8 24. a3 Rh5 25. Bf2 Rh1+ 26. Ka2 Nh5 27. Rh4 Rxh4
28. Bxh4 Bg3 29. Bxg3 Nxg3 30. b4 Kf6 31. Kb3 Ke5 32. c3 Kf4 33. Kc2 Rc8 34. a4
Rh8 35. c4 Ke3 36. a5 Rh4 37. Kc3 Rd4 38. Kc2 Rh4 39. Kc3 Rd4 40. Kc2 g5 41.
Kc3 Rf4 42. Kc2 Rd4 43. Kc3 g4 44. fxg4 Ne4+ 45. Bxe4 Rxd2 46. c5 dxc5 47. bxc5
Kxe4 48. c6 Rxd5 0-1